| 000 | 01009nam a2200253 a 4500 | ||
|---|---|---|---|
| 001 | 48492 | ||
| 003 | BD-RjUL | ||
| 005 | 20211209054531.0 | ||
| 008 | 160814s2000 b ||||| |||| 00| 0 eng d | ||
| 020 | _c: Tk.150.00 | ||
| 035 | _a(BD-RjUL) | ||
| 040 |
_aBD-RjUL _bben _cBD-RjUL |
||
| 041 | _aben | ||
| 082 |
_223 _a658.8 _bHOB 2000 |
||
| 100 | 1 |
_aহোসেন, বেলায়েত _9146603 |
|
| 245 | 1 | 0 |
_aবিপণন নীতি ও পদ্ধতি / _cবেলায়েত হোসেন. |
| 250 | _a২য় সং. | ||
| 260 |
_aঢাকা : _bমৌ প্রকাশনী , _c২০০০. |
||
| 300 |
_aiv, ২৯৬ পৃ ; _c২৪ সেমি |
||
| 500 | _aজাতীয় বিশ্ববিদ্যালয়ের ডিগ্রী (পাস), মার্কেটিং বিষয়ের সিলেবাস অনুযায়ী প্রণীত | ||
| 650 |
_aবিপণন _9146604 |
||
| 650 |
_aMarketing. _9146605 |
||
| 942 |
_2ddc _cBK |
||
| 999 |
_c48492 _d48492 |
||